书目信息 |
| 题名: |
成本会计学
|
|
| 作者: | 刘敬东 主编 | |
| 分册: | ||
| 出版信息: | 北京 中国商业出版社 1999 |
|
| 页数: | 256页 | |
| 开本: | 20cm | |
| 丛书名: | ||
| 单 册: | ||
| 中图分类: | F234.2 | |
| 科图分类: | 29.841 | |
| 主题词: | 成本会计--教材 | |
| 电子资源: | ||
| ISBN: | 7-5044-3869-3 | |
| 000 | 00661nam0 2200241 45 | |
| 001 | 0195031441 | |
| 005 | 20070717142344.90 | |
| 010 | @a7-5044-3869-3@dCNY10.50 | |
| 100 | @a19950602d1999 y0chiy0121 ea | |
| 101 | 0 | @achi |
| 102 | @aCN@b110000 | |
| 105 | @ay zj 000yy | |
| 200 | 10 | @a成本会计学@ACHENG BEN KUAI JI XUE@f刘敬东主编@Fliu jing dong zhu bian |
| 210 | @a北京@c中国商业出版社@d1999@h2005 | |
| 215 | @a256页@d20cm | |
| 300 | @a大学会计系列教材 | |
| 540 | 1 | @a会计@AKUAI JI |
| 606 | @a成本会计@x教材 | |
| 690 | @aF234.2 | |
| 692 | @a29.841 | |
| 701 | 0 | @a刘敬东@Aliu jing dong@4主编 |
| 801 | 0 | @aCN@bTSSF@c20070717 |
| 905 | @a10447@dF234.2@e265 | |
| 成本会计学/刘敬东主编.-北京:中国商业出版社,1999(2005) |
| 256页;20cm |
| 大学会计系列教材 |
| ISBN 7-5044-3869-3:CNY10.50 |
| ● |
| 相关链接 |
|
|
|
|
正题名:成本会计学
索取号:F234.2/265
 
预约/预借
| 序号 | 登录号 | 条形码 | 馆藏地/架位号 | 状态 | 备注 |
| 1 | 0778285 | 207782853 | 密集书库/ [索取号:F234.2/265] | 在馆 | |
| 2 | 0778519 | 207785191 | 密集书库/ [索取号:F234.2/265] | 在馆 | |
| 3 | 0778715 | 207787153 | 第一样本阅览室/ [索取号:F234.2/265] | 在馆 | |
| 4 | 0779002 | 207790023 | 密集书库/ [索取号:F234.2/265] | 在馆 | |
| 5 | 0779302 | 207793020 | 密集书库/ [索取号:F234.2/265] | 在馆 |